000 00403nam a2200145 i 4500
001 92210
003 ES-MaACL
007 t|
008 050223s19291930sp ||||1| spa d
245 0 0 _aLibro-Homenaje Goyanes.
260 _aMadrid :
_bGaceta Médica Española,
_c1929-1930.
300 _a730 p. :
_bil. ;
_c25 cm.
600 1 4 _aGoyanes Capdevila, José-
_vHomenajes.
_959402
852 _aES-MaACL
_jE-999
999 _c92210
_d92210